• 首页
  • 本馆介绍
  • 公告通知
  • 最新文献
  • 馆藏检索
  • 电子资源
  • 读者导购
  • 参考咨询
  • 我的图书馆
  • 登录
  • 详细信息显示
  • 放入我的书架
  • 预约/预借图书
  • 作者相关作品
  • 分类相关作品
  • 丛书相关作品
  • 出版社相关作品

书目信息

  • 表格格式
  • 工作单格式
  • 卡片格式
题名:
医用物理学
    
 
作者: ;中国医科大学 主编
分册:  
出版信息: 北京   人民卫生出版社  1978
页数: 337页
开本: 26cm
丛书名:
单 册:
中图分类: R312
科图分类:
主题词: 医用物理学--医学院校--教材
电子资源:
ISBN:
000 00667nam0 2200229 45
001 0178000675
005 20060805162422.14
010    @dCNY1.70
091    @a14048.3624
100    @a19950803d1978 em y0chiy0121 ea
101 0  @achi
102    @aCN@b110000
105    @ay z 000yy
200 10 @a医用物理学@Ayi yong wu li xue@f中国医科大学主编
210    @a北京@c人民卫生出版社@d1978
215    @a337页@d26cm
300    @a全国高等医药院校试用教材 供医学、儿科、口腔、卫生专业用
606    @a医用物理学@x医学院校@x教材
690    @aR312@v3
711 02 @a中国医科大学@Azhong guo ji lin yi ke da xue@4主编
801  0 @aCN@bTSSF@c20060805
905    @a10447@dR312@e99
    
    医用物理学/中国医科大学主编.-北京:人民卫生出版社,1978
    337页;26cm
    全国高等医药院校试用教材 供医学、儿科、口腔、卫生专业用
    
    ISBN :CNY1.70
    
●
相关链接 在E读中查询图书 在五车中查询图书 在当当中查询图书 在豆瓣中查询图书


正题名:医用物理学     索取号:R312/99         预约/预借

序号 登录号 条形码 馆藏地/架位号 状态 备注
1 0451640   204516407   密集书库/ [索取号:R312/99] 在馆    
欢迎您!
大连网信软件有限公司© 版权所有